Statistics for Dog Breeds By Image

Click here to take the quiz!

General Stats

  • This quiz has been taken 29 times
  • The average score is 12 of 16

Answer Stats

Answer% Correct
Husky
100%
Pug
100%
Pomeranian
96%
Dobermann
92%
Chow Chow
84%
Corgi
84%
Rottweiler
84%
Blood Hound
80%
Greyhound
80%
St. Bernard
76%
Cocker Spaniel
72%
Bull Terrier
64%
Afghan Hound
60%
Border Collie
60%
Shih Tzu
44%
Cane Corso
12%

Score Distribution

Percentile by Number Answered

Percent of People with Each Score

Your Score History

You have not taken this quiz